[Event "Lignano Sabbiadoro op 5th"]
[Site "Lignano Sabbiadoro"]
[Date "2019.07.30"]
[Round "5"]
[White "Varga, Marcell1111"]
[Black "Peric, Slavisa"]
[Result "1/2-1/2"]
[WhiteElo "2011"]
[BlackElo "2097"]
[PlyCount "87"]
[EventDate "2019.07.27"]
[EventType "swiss"]
[EventRounds "9"]
[EventCountry "ITA"]
[SourceTitle "CBM 191 Extra"]
[Source "ChessBase"]
[SourceDate "2019.09.30"]
[SourceVersion "1"]
[SourceVersionDate "2019.09.30"]
[SourceQuality "1"]

1. c4 e6 2. d4 Nf6 3. Nf3 b6 4. g3 c6 5. Bg2 d5 6. 0-0 Be7 7. Nc3 0-0 8. Ne5 Bb7 9. e4 dxc4 10. Nxc4 Ba6 11. b3 b5 12. Ne5 b4 13. Ne2 Bxe2 14. Qxe2 Qxd4 15. Bb2 Qb6 16. Rac1 a5 17. Rfd1 Ra7 18. Qc2 c5 19. Nc4 Qa6 20. e5 Nfd7 21. Bf1 a4 22. Nd6 axb3 23. axb3 Qb6 24. h4 Rd8 25. Bd3 g6 26. h5 Kg7 27. Nxf7 Kxf7 28. Bxg6+ Kg7 29. Bxh7 Nf8 30. Bd3 Bg5 31. Qe2 Bxc1 32. Bxc1 Rd4 33. Be3 Nc6 34. h6+ Kg8 35. Qh5 Rf7 36. Bxd4 Nxd4 37. Bg6 Re7 38. Rxd4 cxd4 39. Qg5 Qc7 40. Bd3+ Kh8 41. Qf6+ Kg8 42. Qg5+ Kh8 43. Qf6+ Kg8 44. Qg5+ 1/2-1/2

[Event "Rochefort op 18th Op A"]
[Site "Rochefort"]
[Date "2019.02.16"]
[Round "1.8"]
[White "Peric, Slavisa"]
[Black "Guidarelli, Laurent"]
[Result "0-1"]
[WhiteElo "2106"]
[BlackElo "2465"]
[PlyCount "83"]
[EventDate "2019.02.16"]
[EventType "swiss"]
[EventRounds "9"]
[EventCountry "FRA"]
[SourceTitle "CBM 189 Extra"]
[Source "ChessBase"]
[SourceDate "2019.06.03"]
[SourceVersion "1"]
[SourceVersionDate "2019.06.03"]
[SourceQuality "1"]

1. d4 Nf6 2. Nf3 g6 3. Nbd2 Bg7 4. c4 0-0 5. e3 c5 6. dxc5 Na6 7. a3 Nxc5 8. b4 Nce4 9. Nxe4 Nxe4 10. Nd4 a5 11. Bb2 Qb6 12. Qb3 Nc5 13. bxc5 Qxb3 14. Nxb3 Bxb2 15. Ra2 Bc3+ 16. Kd1 Rd8 17. Bd3 d5 18. cxd5 a4 19. Nc1 Rxd5 20. Rc2 Bf6 21. Ke2 Ra5 22. c6 Rac5 23. cxb7 Bxb7 24. f3 Rg5 25. g3 Bc6 26. Na2 Rxc2+ 27. Bxc2 Rc5 28. Bd3 Bd5 29. Rc1 Rxc1 30. Nxc1 Bb2 31. e4 Be6 32. Kd1 Bxa3 33. Ne2 Bc5 34. Nc3 a3 35. Bb1 h5 36. Ba2 Bh3 37. Ke2 Kg7 38. Nd5 Bd7 39. h4 Bb5+ 40. Ke1 e6 41. Nf4 Bd6 42. Kd2 0-1

[Event "Sant'Angelo Festival Abruzzo"]
[Site "Sant'Angelo"]
[Date "2018.08.06"]
[Round "2.9"]
[White "Navrotescu, Catalin"]
[Black "Peric, Slavisa"]
[Result "1/2-1/2"]
[WhiteElo "2372"]
[BlackElo "2120"]
[PlyCount "66"]
[EventDate "2018.08.05"]
[EventType "swiss"]
[EventRounds "9"]
[EventCountry "ITA"]
[SourceTitle "EXT 2024"]
[Source "ChessBase"]
[SourceDate "2023.10.10"]
[SourceVersion "1"]
[SourceVersionDate "2023.10.10"]
[SourceQuality "1"]

1. Nf3 d5 2. c4 c6 3. g3 e6 4. Bg2 Nf6 5. 0-0 Nbd7 6. b3 Be7 7. Bb2 0-0 8. d3 a5 9. Nc3 Nc5 10. Rb1 Re8 11. a3 Bf8 12. b4 axb4 13. axb4 Na6 14. Na2 dxc4 15. dxc4 Qxd1 16. Rfxd1 Nc5 17. Nc1 Na4 18. Ba1 Ne4 19. Rd3 Nb6 20. Ne5 Nf6 21. Rd1 Nbd7 22. Ncd3 Be7 23. b5 cxb5 24. Rxb5 Ra2 25. Bxb7 Nxe5 26. Nxe5 Bxb7 27. Rxb7 Rxe2 28. Bd4 h6 29. Ra1 Re4 30. Bb2 Re2 31. Bd4 Re4 32. Bb2 Re2 33. Bd4 Re4 1/2-1/2